[Event "GER-ch U25"]
[Site "Oberhof"]
[Date "2010.05.24"]
[Round "3"]
[White "Arps, Jan Philipp"]
[Black "Tverskoi, David"]
[Result "1-0"]
[WhiteElo "2013"]
[BlackElo "1632"]
[PlyCount "93"]
[EventDate "2010.05.22"]
[EventType "swiss"]
[EventRounds "9"]
[EventCountry "GER"]
[SourceTitle "CBM 136 Extra"]
[Source "ChessBase"]
[SourceDate "2010.07.02"]
[SourceVersion "2"]
[SourceVersionDate "2010.07.15"]
[SourceQuality "1"]

1. e4 e5 2. Nf3 Nc6 3. d4 exd4 4. Bc4 Be7 5. c3 dxc3 6. Qd5 Nh6 7. Bxh6 0-0 8. Bxg7 Kxg7 9. Nxc3 d6 10. Qh5 Bf6 11. h4 Ne5 12. Nxe5 Bxe5 13. f4 Bxc3+ 14. bxc3 Qf6 15. Qg5+ Qxg5 16. hxg5 Be6 17. Bd3 Rae8 18. Kf2 f6 19. gxf6+ Rxf6 20. Kf3 Ref8 21. f5 Bd7 22. g4 Bc6 23. Kf4 h6 24. Rh4 Rh8 25. Rg1 Kf7 26. Rgh1 Kg7 27. Rh5 Kf7 28. Ke3 Re8 29. g5 hxg5 30. Rxg5 Ke7 31. Rh7+ Kd8 32. Kf4 Ref8 33. Rgg7 Ke8 34. Rxc7 R8f7 35. Kg5 Rxh7 36. Rxh7 Rf7 37. Rh8+ Ke7 38. Rh6 Rg7+ 39. Rg6 Rh7 40. Bc4 Be8 41. f6+ Kd8 42. Rg8 Rh5+ 43. Kg4 Kd7 44. Rxe8 Kxe8 45. Kxh5 Kf8 46. Kg6 a6 47. Kf5 1-0

[Event "GER-ch U25"]
[Site "Oberhof"]
[Date "2010.05.23"]
[Round "1"]
[White "Zuferi, Enis"]
[Black "Tverskoi, David"]
[Result "0-1"]
[WhiteElo "1853"]
[BlackElo "1632"]
[PlyCount "74"]
[EventDate "2010.05.22"]
[EventType "swiss"]
[EventRounds "9"]
[EventCountry "GER"]
[SourceTitle "CBM 136 Extra"]
[Source "ChessBase"]
[SourceDate "2010.07.02"]
[SourceVersion "2"]
[SourceVersionDate "2010.07.15"]
[SourceQuality "1"]

1. d4 f5 2. Nc3 Nf6 3. Bg5 e6 4. e4 fxe4 5. Nxe4 Be7 6. Bxf6 Bxf6 7. c3 0-0 8. Bd3 d5 9. Nxf6+ Qxf6 10. Nf3 c5 11. Qe2 Nc6 12. Bb5 cxd4 13. Bxc6 bxc6 14. cxd4 Rb8 15. Rc1 Rb6 16. b3 Qg6 17. Rc3 Rf4 18. Qc2 Re4+ 19. Kd1 Bb7 20. Re3 Ba6 21. Rhe1 Rxe3 22. fxe3 Bd3 23. Qf2 Qf5 24. Qh4 h6 25. Ne5 Ra6 26. g4 Qe4 27. Qf2 Bb1 28. a4 Rb6 29. Qb2 Bd3 30. Qc3 Bb1 31. Kd2 Ba2 32. b4 Bc4 33. Rg1 a5 34. b5 cxb5 35. Qxa5 Rb8 36. Qa7 Rf8 37. Rg3 b4 0-1